Murder Mystery 2 Vintages - Statistics

General Stats
  • This quiz has been taken 44 times
  • The average score is 8 of 10
Answer Stats
Tier Rarity/Demand Value Knife/Gun % Correct
3 5 250 Blood
96%
3 5 265 Golden
92%
3 5 330 America
88%
1 5 60 Cowboy
84%
1 5 95 Ghost
84%
2 5 145 Laser
84%
2 5 200 Phaser
84%
1 5 80 Splitter
80%
2 5 160 Shadow
72%
2 5 175 Prince
68%
No matching quizzes found
Score Distribution
Percent of People with Each Score
Percentile by Number Answered
Your Score History
You have not taken this quiz